<?xml version="1.0" encoding="UTF-8"?>
<marc:record xmlns:marc="http://www.loc.gov/MARC21/slim">
   <marc:leader>00000nam a2200000 a 4500</marc:leader>
   <marc:datafield ind1=" " ind2=" " tag="653">
      <marc:subfield code="a">Tonies</marc:subfield>
   </marc:datafield>
   <marc:datafield ind1=" " ind2=" " tag="653">
      <marc:subfield code="a">Tonie-Hörbuch</marc:subfield>
   </marc:datafield>
   <marc:datafield ind1="0" ind2="0" tag="245">
      <marc:subfield code="a">Die Geschichte vom kleinen Siebenschläfer, der nicht einschlafen konnte: Tonies Hörfigur</marc:subfield>
   </marc:datafield>
   <marc:datafield ind1="0" ind2="0" tag="245">
      <marc:subfield code="b">Hörspiel mit Liedern</marc:subfield>
   </marc:datafield>
   <marc:datafield ind1=" " ind2="1" tag="264">
      <marc:subfield code="a">Hamburg</marc:subfield>
      <marc:subfield code="b">Oetinger Media GmbH</marc:subfield>
      <marc:subfield code="c">2020</marc:subfield>
   </marc:datafield>
   <marc:datafield ind1="1" ind2=" " tag="520">
      <marc:subfield code="a">Eine Einschlafgeschichte für alle, die einfach nicht müde sind&#xD;
&#xD;
Es ist Zeit für den Winterschlaf, doch der kleine Siebenschläfer kann einfach nicht einschlafen. Bär, Spinne und viele andere Tiere wollen ihm helfen, doch am Ende schlafen sie dabei nur selbst ein.&#xD;
&#xD;
Da schmiedet der Siebenschläfer einen neuen Plan: Könnte er einfach 7 Monde lang wach bleiben?&#xD;
&#xD;
Sprecher:&#xD;
    Andreas Fröhlich, Petra Scheeser, Patty Roche, Manuel Straube, Tim Schwarzmayer, Tilda Kortemeier, Paulina Rümmelein, Tim Schwarzmayer &#xD;
&#xD;
https://tonies.com/de-de/shop/tonies/der-kleine-siebenschlaefer/die-geschichte-vom-kleinen-siebenschlaefer-der-nicht-einschlafen-konnte/</marc:subfield>
   </marc:datafield>
   <marc:datafield ind1=" " ind2=" " tag="041">
      <marc:subfield code="a">ger</marc:subfield>
   </marc:datafield>
   <marc:datafield ind1=" " ind2=" " tag="338">
      <marc:subfield code="a">Nicht spezifiziert</marc:subfield>
   </marc:datafield>
   <marc:datafield ind1=" " ind2=" " tag="300">
      <marc:subfield code="a">1</marc:subfield>
   </marc:datafield>
</marc:record>
